00605nam a2200181Ia 4500003000900000008004100009040001300050040001300063041000800076100002200084245003900106250001300145260001300158260000900171300001000180490000600190600022700196IT-RoPAU120407s9999 xx 000 0 und d aIT-RoPAU cIT-RoPAU aita aGiovanni Paolo II aInsegnamenti di Giovanni Paolo II. aVaticano aVaticana c1978 c24 cm v1 av. I 1978 485 p. v. II, 1 1979 1729 p. v. II,2 1979 1574 p. v. III,1 1980 1983 p. v. III,2 1980 1867 p. v. IV,1 1981 1292 p. v. IV, 2 1981 1313 p.